000 02285nam a2200445 c 4500
003 BLK
005 20230511030337.0
008 180412b bul|||||r ||||||| ||bul||
010 _aKNG00004913000
020 _a954-625-024-466
_bиздат.: Евгения Хаджииванова
040 _aBLK
041 _aBUL
_cBUL
080 _aХигиена на храненето. Режим на храненето. Вж и 612.39 ; 614.3 ; 615.874 ; 641
_b613.2
_x
_z613.2
100 1 _aЗдравкова, Ана Стефанова
_eпърви автор
_9247822
700 1 _aЛатева, Екатерина Иванова
_9363572
700 1 _aИванова, Екатерина
_gЛаптева, Екатерина Иванова
_9363377
700 1 _aСпенсли, Анабел
_eил.
_9122664
700 1 _aКу Канг Чен
_eил.
_985070
700 1 _aМишу, Валери
_eконсултант
_9247823
700 1 _aСлатъри, Франк
_eконсултант
_9121471
139 _aНийдъм, Кейт
_bН 67
245 1 0 _aЗащо се хранят хората?
_bКн. за деца
_cАна Стефанова Здравкова; прев. Екатерина Иванова Латева; Екатерина Иванова; ил. Анабел Спенсли; ил. Ку Канг Чен; консултант Валери Мишу; консултант Франк Слатъри.
257 _aGBR
260 София
_bЕвгения Хаджииванова
_c1994
300 _a24 с.
_bс цв. ил.
_c18Х18 см
380 _aDN
490 1 _aПърви стъпки в науката
500 _aОриг. загл. Why do people eat? - Авт. не е отбелязан на кор. ; Прев. известна като Екатерина Иванова. - 2 000 тир.
650 4 _aХранене - хигиена
_9244313
650 4 _aХранителни продукти
_9245727
653 _aхигиена на храненето
653 _aхранителни продукти
653 _aлитература за деца
653 _aдетска литература
852 _aЦб І 35361
856 4 _qpdf
_u
856 4 _qpdf
_u
942 _cKNG
_n0
_01
944 _aCR
_c15.01.2003
_lф /
_kЛюдмила_Стоянова
944 _aED
_c06.01.2014
_lф /
_k
999 _c3796
_d3796